000 00609ngm a2200265 a 4500
003 OSt
005 20251020182656.0
008 240217s9999 xx 000 0 und d
040 _aPE SENCICO BE
040 _cPE SENCICO BE
041 _aspa
082 _aE007
245 0 _aQuem casa-quer, video sobre la situación de Moradia-Brasil /
245 0 _cNo precisa
260 _bNo precisa
260 _c1993
300 _a1 VIDEO
300 _bson., Col.
300 _c25'
490 _aVIVIENDA Y ACABADOS
650 _aACABADOS
650 _aVIVIENDA
910 _aila.
942 _cVID
_2ddc
999 _c4677
_d4677